Normal view
MARC view
Entry Personal Name
001 - CONTROL NUMBER
- control field: 47032
003 - CONTROL NUMBER IDENTIFIER
- control field: ARRUPE
005 - DATE AND TIME OF LATEST TRANSACTION
- control field: 20190715112702.0
008 - FIXED-LENGTH DATA ELEMENTS
- fixed length control field: 190715|| aca||aabn | a|a d
040 ## - CATALOGING SOURCE
- Original cataloging agency: ARRUPE
- Transcribing agency: ARRUPE
100 ## - HEADING--PERSONAL NAME
- Personal name: Dunnette, Marvin (ed.)
670 ## - SOURCE DATA FOUND
- Source citation: Work cat.: (ARRUPE)94205: Handbook of industrial and organisational psychology, 1976